000 00312nam a2200133 i 4500
001 bg
100 1 _aTKACZYK, Zdzisław
245 0 _aLiniowe układy scalone /
_cZdzisław Tkaczyk.
260 _aWarszawa,
_c1978.
040 _cBPK
041 _apol
942 _cKS
008 s pl f |000 0 pol
999 _c18018
_d18018
856 _uhttp://koha.tu.koszalin.pl/cgi-bin/koha/opac-detail.pl?biblionumber=18018
_yKatalog online BPK